000
00192nam a2200085Ia 4500
008
250605s9999 xx 000 0 und d
041
_a
eng
100
_a
Harshita Sharma
245
_a
Reliance Retail
999
_c
44714
_d
44714